000 00728nam a2200253Ia 4500
003 OSt
005 20221006144005.0
006 a|||||r|||| 00| 0
007 ta
008 221006b |||||||| |||| 00| 0 eng d
020 _a0674783204
_c
_16.00
024 _a10,582
037 _cTextual
040 _aEASL
_cEASL
_beng
041 _2eng
_aeng
082 _aW691v410j58N11, L4
100 _aPRICE Don C
245 0 _aRussia and the roots of the Chinese revolution, 1896-1911
260 _aCambridge
_bHarvard University Press
_c1974
300 _a306p.
_ccm.
490 _v CEL
_aHarvard East Asian Series
942 _hW691v410j58N11, L4
_cTEXL
_2CC
999 _c1078668
_d1078668